| 000 | 00842cam a2200241 a 4500 | ||
|---|---|---|---|
| 001 | 000019492 | ||
| 005 | 20200929170032.0 | ||
| 008 | 750923s1942 ag 001 f spa d | ||
| 035 | _a(OCoLC)1650375 | ||
| 040 |
_aDO-SdBNP _cFM _dOCoLC _dDLC |
||
| 082 |
_aCu863.42 _bI59s |
||
| 100 | 1 |
_aInsúa, Alberto, _d1883-1963 _941856 |
|
| 245 | 1 | 3 |
_aLa sombra de Peter Wald : _bsegunda parte de "El negro que tenía el alma blanca" /. |
| 260 |
_aBuenos Aires, Argentina : _bEspasa-Calpe argentina, _c1942. |
||
| 300 |
_a233 p. ; _c18 cm. |
||
| 490 | 1 |
_aAustral. Azul: novelas y cuentos en general _v328 |
|
| 500 | _aIncluye índice de autores. | ||
| 650 | 4 |
_aNovela cubana _92316 |
|
| 650 | 4 |
_aLiteratura cubana _91483 |
|
| 830 | 0 |
_aAustral. _pAzul: novelas y cuentos en general; _v328 _922386 |
|
| 910 | _aCatalogación derivada / LC | ||
| 910 | _aWM | ||
| 999 |
_c19008 _d19008 |
||